Normal view
MARC view
Entry Personal Name
001 - CONTROL NUMBER
- control field: 71790
003 - CONTROL NUMBER IDENTIFIER
- control field: dpl
005 - DATE AND TIME OF LATEST TRANSACTION
- control field: 20240919145727.0
008 - FIXED-LENGTH DATA ELEMENTS
- fixed length control field: 240919|| aca||aabn | a|a d
040 ## - CATALOGING SOURCE
- Original cataloging agency: dpl
- Transcribing agency: dpl
100 ## - HEADING--PERSONAL NAME
- Personal name: त्रिपाठी, ओ. पी
670 ## - SOURCE DATA FOUND
- Source citation: Work cat.: (dpl)205834: त्रिपाठी, ओ. पी. , मन्मनाभव;
